00499nam a2200145Ia 4500008004100000100003200041245011300073245003200186260005900218260000900277300000800286650001800294650001500312856002600327170221s9999 xx 000 0 und d aRubén Ramírez Sánchez 4aThe Complex Political Economy of Natural Capitalism: The Case of Whole Foods, Stonyfield Farms, and Walmart  cRubén Ramírez Sánchez bOnline Journal of Communication and Media Technologies c2016 a6 : xCommunication xMedia Arts uhttp://www.ojcmt.net/